[Event "BAN-ch U18 41st"]
[Site "Dhaka"]
[Date "2023.12.30"]
[Round "8"]
[White "Aiyan, Rahman"]
[Black "Siam, Chowdhury"]
[Result "1-0"]
[WhiteElo "1602"]
[BlackElo "1852"]
[PlyCount "117"]
[EventDate "2023.12.25"]
[EventType "swiss"]
[EventRounds "9"]
[EventCountry "BAN"]
[SourceTitle "CB01_2024"]
[SourceDate "2024.01.03"]
[SourceVersion "1"]
[SourceVersionDate "2024.01.03"]
[SourceQuality "1"]

1. e4 c5 2. Nf3 e6 3. d4 cxd4 4. Nxd4 a6 5. c4 Nf6 6. Nc3 Qc7 7. Be3 Bb4 8. f3 0-0 9. Qd2 Nc6 10. a3 Be7 11. Qf2 d6 12. Be2 Ne5 13. Rc1 b6 14. 0-0 Bb7 15. Rfd1 Ned7 16. Nc2 Rac8 17. Na4 Nc5 18. Nc3 Ba8 19. b4 Ncd7 20. Nd4 Qb8 21. Nb3 Rfe8 22. Na4 Bd8 23. Bf4 Bc7 24. Nc3 Nh5 25. Be3 Nhf6 26. g3 Bb7 27. Na4 Ba8 28. Nc3 h6 29. Rb1 Bb7 30. Na4 d5 31. Nxb6 Nxb6 32. Bxb6 dxe4 33. f4 Ba8 34. Be3 Bd6 35. c5 Be7 36. Bxa6 Rcd8 37. Be2 Nd5 38. Rbc1 Qa7 39. Na5 Nxe3 40. Qxe3 Rc8 41. Nc4 Rb8 42. Nb6 Bd8 43. Nxa8 Rxa8 44. Rc3 Bf6 45. Rb3 Red8 46. Qxe4 Rxd1+ 47. Bxd1 Rd8 48. Bf3 g6 49. Rd3 Rb8 50. Kg2 Qa4 51. Bg4 Kg7 52. Qe3 h5 53. Bf3 h4 54. g4 Qc2+ 55. Rd2 Qb1 56. g5 Be7 57. Qe5+ Kh7 58. Qxb8 h3+ 59. Kf2 1-0

[Event "Asia-ch Blitz U20"]
[Site "Jamshedpur"]
[Date "2023.09.15"]
[Round "9"]
[White "Aiyan, Rahman"]
[Black "Agarwal, Mukund Hemant"]
[Result "0-1"]
[WhiteElo "1450"]
[BlackElo "1562"]
[PlyCount "56"]
[EventDate "2023.09.15"]
[EventType "swiss (blitz)"]
[EventRounds "9"]
[EventCountry "IND"]
[SourceTitle "EXT 2024"]
[Source "ChessBase"]
[SourceDate "2023.10.10"]
[SourceVersion "1"]
[SourceVersionDate "2023.10.10"]
[SourceQuality "1"]

1. e4 b6 2. d4 Bb7 3. Nc3 g6 4. Nf3 Bg7 5. Be3 e6 6. Bd3 d6 7. 0-0 Nd7 8. Ne2 Ne7 9. c3 e5 10. d5 h6 11. c4 c5 12. dxc6 Nxc6 13. Bc2 Nc5 14. b4 Nxb4 15. Ba4+ Nxa4 16. Qxa4+ Nc6 17. Rfd1 Qc7 18. Nc3 0-0 19. Nb5 Qe7 20. Nxd6 Rfd8 21. Nb5 Nd4 22. Nc3 Bc6 23. Qa6 Nc2 24. Rxd8+ Rxd8 25. Rc1 Nxe3 26. fxe3 Qc5 27. Kf2 f5 28. exf5 gxf5 0-1

[Event "Asia-ch U20"]
[Site "Jamshedpur"]
[Date "2023.09.10"]
[Round "3"]
[White "Aiyan, Rahman"]
[Black "Kumar, Mukesh1111"]
[Result "0-1"]
[WhiteElo "1744"]
[BlackElo "1584"]
[PlyCount "114"]
[EventDate "2023.09.09"]
[EventType "swiss"]
[EventRounds "9"]
[EventCountry "IND"]
[SourceTitle "EXT 2024"]
[Source "ChessBase"]
[SourceDate "2023.10.10"]
[SourceVersion "1"]
[SourceVersionDate "2023.10.10"]
[SourceQuality "1"]

1. e4 c5 2. Nf3 Nc6 3. d4 cxd4 4. Nxd4 Nf6 5. Nc3 e5 6. Ndb5 d6 7. Bg5 a6 8. Na3 Be7 9. Bxf6 gxf6 10. Nd5 b5 11. c3 Be6 12. Nc2 f5 13. f3 f4 14. g3 Rg8 15. Nxe7 Qxe7 16. Qe2 Na5 17. Qf2 Rb8 18. gxf4 exf4 19. Nd4 Rc8 20. Nxe6 fxe6 21. Qb6 Qh4+ 22. Ke2 Nc4 23. Qxa6 Ke7 24. b3 Ne5 25. Qa7+ Kf6 26. Qf2 Qxf2+ 27. Kxf2 Rxc3 28. Bxb5 Rxf3+ 29. Ke2 Rg2+ 30. Ke1 Rff2 31. a4 Nf3+ 32. Kd1 Rd2+ 33. Kc1 Rc2+ 34. Kb1 Rb2+ 35. Kc1 Rgc2+ 36. Kd1 Rd2+ 37. Kc1 Rxb3 38. Rf1 Rxh2 39. Ba6 Ke5 40. a5 Rc3+ 41. Kb1 Nd2+ 42. Kb2 Rc6 43. Bb5 Nxf1+ 44. Ka3 Rc5 45. Kb4 Rb2+ 46. Ka4 Rbxb5 47. Rxf1 Rxa5+ 48. Kb4 Rab5+ 49. Ka4 Rb8 50. Rh1 Rc2 51. Rh5+ Kxe4 52. Rb5 Ra2+ 53. Kb3 Rxb5+ 54. Kxa2 f3 55. Ka1 f2 56. Ka2 f1R 57. Ka3 Ra1# 0-1

[Event "Asia-ch Rapid U20"]
[Site "Jamshedpur"]
[Date "2023.09.08"]
[Round "9"]
[White "Aiyan, Rahman"]
[Black "Thapa, Rishon"]
[Result "0-1"]
[WhiteElo "1546"]
[BlackElo "1729"]
[PlyCount "63"]
[EventDate "2023.09.08"]
[EventType "swiss (rapid)"]
[EventRounds "9"]
[EventCountry "IND"]
[SourceTitle "EXT 2024"]
[Source "ChessBase"]
[SourceDate "2023.10.10"]
[SourceVersion "1"]
[SourceVersionDate "2023.10.10"]
[SourceQuality "1"]

1. e4 d6 2. d4 Nf6 3. Nc3 Nbd7 4. f4 e5 5. dxe5 dxe5 6. Nf3 Bb4 7. Bd3 0-0 8. 0-0 Re8 9. a3 Bxc3 10. bxc3 exf4 11. Re1 Qe7 12. Bxf4 Qc5+ 13. Kf1 Nf8 14. Qd2 Ng6 15. Be3 Qd6 16. h3 Bd7 17. Qf2 Nxe4 18. Bxe4 Rxe4 19. Ng5 Re7 20. Red1 Qa6+ 21. Kg1 Be6 22. Bc5 Ree8 23. Rf1 Bc4 24. Rfd1 h6 25. Nf3 Re2 26. Qd4 b6 27. Nd2 Qb7 28. Nf3 Re4 29. Qf2 bxc5 30. Nd2 Re2 31. Qg3 Nh4 32. Nf1 0-1

[Event "Asia-ch Rapid U20"]
[Site "Jamshedpur"]
[Date "2023.09.08"]
[Round "6"]
[White "Nishanth, Dsouza"]
[Black "Aiyan, Rahman"]
[Result "1-0"]
[WhiteElo "1388"]
[BlackElo "1546"]
[PlyCount "65"]
[EventDate "2023.09.08"]
[EventType "swiss (rapid)"]
[EventRounds "9"]
[EventCountry "IND"]
[SourceTitle "EXT 2024"]
[Source "ChessBase"]
[SourceDate "2023.10.10"]
[SourceVersion "1"]
[SourceVersionDate "2023.10.10"]
[SourceQuality "1"]

1. e4 e5 2. Nf3 Nf6 3. Nxe5 d6 4. Nf3 Nxe4 5. d4 d5 6. Bd3 Nc6 7. h3 Be7 8. 0-0 0-0 9. Re1 f5 10. c4 Nb4 11. cxd5 Nxd3 12. Qxd3 Qxd5 13. Nc3 Nxc3 14. bxc3 Bf6 15. Ba3 Rd8 16. Qe2 Bd7 17. Qc2 Re8 18. Rad1 Rxe1+ 19. Rxe1 Re8 20. Rxe8+ Bxe8 21. c4 Qe4 22. Qb3 Bf7 23. Qb4 Qe8 24. Qxb7 Bxc4 25. Qxa7 Bxa2 26. Qxc7 Bd5 27. Ne5 Qa8 28. Be7 Bxe7 29. Qxe7 Bxg2 30. Qe6+ Kh8 31. Nf7+ Kg8 32. Nd8+ Kh8 33. Qe8# 1-0

[Event "BAN-ch U20"]
[Site "Dhaka"]
[Date "2022.02.23"]
[Round "9"]
[White "Md Rashedujjaman, Rakib"]
[Black "Aiyan, Rahman"]
[Result "1-0"]
[WhiteElo "1654"]
[BlackElo "1374"]
[PlyCount "81"]
[EventDate "2022.02.15"]
[EventType "swiss"]
[EventRounds "9"]
[EventCountry "BAN"]
[SourceTitle "CBM 207 Extra"]
[Source "ChessBase"]
[SourceDate "2022.05.31"]
[SourceVersion "1"]
[SourceVersionDate "2022.05.31"]
[SourceQuality "1"]

1. g3 Nf6 2. Bg2 d5 3. d4 e6 4. Bg5 Be7 5. Bxf6 Bxf6 6. Nf3 b6 7. c3 Bb7 8. 0-0 0-0 9. Re1 c5 10. e3 Nc6 11. Na3 a6 12. Nc2 c4 13. Nd2 e5 14. Qh5 g6 15. Qg4 Bg7 16. Qe2 f5 17. Nxc4 dxc4 18. Qxc4+ Kh8 19. Bxc6 Rc8 20. d5 f4 21. Rad1 Qg5 22. Qe4 Bxc6 23. dxc6 Qf6 24. exf4 exf4 25. Rd2 Bh6 26. g4 f3 27. Rd7 Bf4 28. Qe7 Qxe7 29. Rexe7 Rfd8 30. Rxh7+ Kg8 31. Nd4 Re8 32. Nxf3 Bc1 33. Rhg7+ Kh8 34. c7 Bxb2 35. Nh4 Re6 36. Nxg6+ Rxg6 37. Rxg6 Bxc3 38. Rd8+ Kh7 39. Rxc8 Kxg6 40. Rg8+ Kf7 41. c8Q 1-0

[Event "Asian Academies Hybrid Chess-ch"]
[Site "Tornelo INT"]
[Date "2021.11.23"]
[Round "3.2"]
[White "Aiyan, Rahman"]
[Black "De Silva, LMST"]
[Result "0-1"]
[WhiteElo "1250"]
[BlackElo "2085"]
[PlyCount "52"]
[EventDate "2021.11.21"]
[EventType "team-tourn"]
[EventRounds "7"]
[EventCountry "NET"]
[SourceTitle "EXT 2023"]
[Source "ChessBase"]
[SourceDate "2022.10.05"]
[SourceVersion "1"]
[SourceVersionDate "2022.10.05"]
[SourceQuality "1"]
[WhiteTeam "Basir Memorial CA"]
[BlackTeam "Sri Lanka CA"]
[WhiteTeamCountry "BAN"]
[BlackTeamCountry "SRI"]

1. e4 e5 2. Nf3 Nc6 3. Bc4 Nf6 4. 0-0 Bc5 5. Nc3 0-0 6. d3 h6 7. a3 d6 8. h3 Be6 9. Bxe6 fxe6 10. Be3 Bb6 11. b4 Qe8 12. Ne2 Nh5 13. c4 a6 14. Rc1 Ba7 15. Qb3 Qg6 16. Qb2 Rxf3 17. Bxa7 Rxa7 18. b5 Nd4 19. Nxd4 exd4 20. Qxd4 Nf4 21. g4 Ne2+ 22. Kg2 Nxd4 23. c5 h5 24. Rc4 Rxh3 25. Kxh3 Qxg4+ 26. Kh2 Nf3+ 0-1

[Event "Asian Academies Hybrid Chess-ch"]
[Site "Tornelo INT"]
[Date "2021.11.22"]
[Round "2.2"]
[White "Galiakbarov, Aldiyar"]
[Black "Aiyan, Rahman"]
[Result "1-0"]
[WhiteElo "1141"]
[BlackElo "1250"]
[PlyCount "71"]
[EventDate "2021.11.21"]
[EventType "team-tourn"]
[EventRounds "7"]
[EventCountry "NET"]
[SourceTitle "EXT 2023"]
[Source "ChessBase"]
[SourceDate "2022.10.05"]
[SourceVersion "1"]
[SourceVersionDate "2022.10.05"]
[SourceQuality "1"]
[WhiteTeam "Nur Sultan CA"]
[BlackTeam "Basir Memorial CA"]
[WhiteTeamCountry "KAZ"]
[BlackTeamCountry "BAN"]

1. e4 e5 2. Nf3 Nc6 3. d4 exd4 4. Bc4 Be7 5. c3 dxc3 6. Qd5 Nh6 7. Bxh6 0-0 8. Nxc3 gxh6 9. Qh5 Bf6 10. Qxh6 Bg7 11. Qh5 d6 12. Ng5 h6 13. Nxf7 Kh7 14. Nxd8 Rxd8 15. 0-0 Ne5 16. Be2 Be6 17. f4 Bf7 18. Qh4 Ng6 19. Qg3 Bd4+ 20. Kh1 Rg8 21. Qd3 Bf6 22. e5 Bg7 23. Bh5 Rad8 24. e6 Be8 25. Nd5 c6 26. Ne7 Bf6 27. Nxg8 Kxg8 28. Bxg6 Bxg6 29. Qxg6+ Bg7 30. e7 Ra8 31. f5 Kh8 32. f6 Bxf6 33. Qxf6+ Kg8 34. Qg6+ Kh8 35. Rf8+ Rxf8 36. exf8R# 1-0